[Event "English Open Championship"]
[Site "Kenilworth"]
[Date "2023.05.26"]
[Round "1.2"]
[White "Ghasi, Ameet K"]
[Black "Dilley, Jason M"]
[Result "1-0"]
[WhiteElo "2496"]
[BlackElo "2059"]
[PlyCount "85"]
[EventDate "2023.05.26"]
[EventType "swiss"]
[EventRounds "7"]
[EventCountry "ENG"]
[SourceTitle "BritBase"]
[Source "John Saunders"]
[SourceDate "2023.05.30"]
[SourceVersion "1"]
[SourceVersionDate "2023.05.30"]
[SourceQuality "1"]

1. b3 c5 2. Bb2 Nc6 3. c4 e6 4. Nf3 Nf6 5. e3 d5 6. cxd5 exd5 7. Bb5 Bd7 8. O-O
Bd6 9. d4 cxd4 10. Nxd4 O-O 11. Be2 Qe7 12. Nc3 Nxd4 13. Qxd4 Qe5 14. Qh4 Rfe8
15. Rad1 Re6 16. Ba1 Qf5 17. Nxd5 g5 18. Nxf6+ Qxf6 19. Bxf6 gxh4 20. Bxh4 Bc6
21. Bg3 Bxg3 22. hxg3 Rae8 23. Rd4 Kg7 24. Rfd1 R8e7 25. Bc4 Rf6 26. Rg4+ Rg6
27. Rf4 Rf6 28. Rdd4 Rxf4 29. gxf4 Re4 30. Rxe4 Bxe4 31. f3 Bc6 32. e4 Kf6 33.
Kf2 Ke7 34. Ke3 f6 35. Kd4 b6 36. g4 h6 37. Bd5 Bb5 38. e5 Be8 39. Be4 Bd7 40.
exf6+ Kxf6 41. Kd5 Ke7 42. Ke5 Bc8 43. f5 1-0

[Event "English Open Championship"]
[Site "Kenilworth"]
[Date "2023.05.26"]
[Round "1.3"]
[White "Jackson, Edward"]
[Black "Harvey, Marcus R"]
[Result "0-1"]
[WhiteElo "1968"]
[BlackElo "2462"]
[PlyCount "100"]
[EventDate "2023.05.26"]
[EventType "swiss"]
[EventRounds "7"]
[EventCountry "ENG"]
[SourceTitle "BritBase"]
[Source "John Saunders"]
[SourceDate "2023.05.30"]
[SourceVersion "1"]
[SourceVersionDate "2023.05.30"]
[SourceQuality "1"]

1. e4 g6 2. d4 Bg7 3. Nc3 a6 4. Be3 b5 5. Qd2 Bb7 6. f3 d6 7. h4 h6 8. h5 g5 9.
Nge2 Nd7 10. Ng3 e6 11. a4 b4 12. Nd1 a5 13. Bc4 Nb6 14. Bb3 d5 15. O-O Ne7 16.
Nf2 Ba6 17. Rfe1 Nc4 18. Bxc4 Bxc4 19. e5 c5 20. c3 Nc6 21. Ng4 cxd4 22. cxd4
b3 23. Bf2 Nb4 24. Ne3 Bd3 25. Rec1 Bc2 26. Ra3 Qb6 27. Ne2 O-O 28. Rf1 Rfc8
29. Nc1 Nc6 30. Ng4 Qb4 31. Qe3 Ne7 32. Nd3 Qc4 33. Nc5 Nf5 34. Qd2 Qb4 35.
Qxb4 axb4 36. Raa1 Ra5 37. Rfe1 Kh8 38. Nf6 Bxf6 39. exf6 Nd6 40. Bg3 Nc4 41.
Re2 Raa8 42. Rae1 Nxb2 43. Rxe6 fxe6 44. Rxe6 Re8 45. Be5 Rxe6 46. f7+ Rxe5 47.
dxe5 Kg7 48. e6 Bf5 49. g4 Bxe6 50. Nxe6+ Kxf7 0-1

[Event "English Open Championship"]
[Site "Kenilworth"]
[Date "2023.05.26"]
[Round "1.4"]
[White "Hebden, Mark L"]
[Black "Seymour, Timothy P"]
[Result "1-0"]
[WhiteElo "2434"]
[BlackElo "2094"]
[PlyCount "71"]
[EventDate "2023.05.26"]
[EventType "swiss"]
[EventRounds "7"]
[EventCountry "ENG"]
[SourceTitle "BritBase"]
[Source "John Saunders"]
[SourceDate "2023.05.30"]
[SourceVersion "1"]
[SourceVersionDate "2023.05.30"]
[SourceQuality "1"]

1. d4 d5 2. c4 e6 3. Nc3 Nf6 4. Bg5 dxc4 5. e3 c5 6. Bxc4 cxd4 7. exd4 Be7 8.
Nf3 Nc6 9. O-O O-O 10. Re1 a6 11. Bb3 b5 12. d5 Nxd5 13. Bxd5 exd5 14. Bxe7
Nxe7 15. Nd4 Bb7 16. a4 b4 17. Nce2 Qd6 18. Ng3 Rfe8 19. a5 Rac8 20. Qd2 Nc6
21. Ngf5 Qf6 22. Nxc6 Bxc6 23. Nd4 Rxe1+ 24. Rxe1 Rb8 25. h3 h6 26. Re3 Bd7 27.
Nb3 Qd6 28. Rd3 Rb5 29. Qe3 Be6 30. Qd4 Qc7 31. Rg3 g6 32. Qf6 d4 33. Nxd4 Re5
34. Kh2 Bd5 35. f4 Re4 36. Nf5 1-0

[Event "English Open Championship"]
[Site "Kenilworth"]
[Date "2023.05.26"]
[Round "1.5"]
[White "Paul, Nathanael"]
[Black "Emms, John M"]
[Result "0-1"]
[WhiteElo "2004"]
[BlackElo "2468"]
[PlyCount "66"]
[EventDate "2023.05.26"]
[EventType "swiss"]
[EventRounds "7"]
[EventCountry "ENG"]
[SourceTitle "BritBase"]
[Source "John Saunders"]
[SourceDate "2023.05.30"]
[SourceVersion "1"]
[SourceVersionDate "2023.05.30"]
[SourceQuality "1"]

1. d4 Nf6 2. Nc3 d5 3. Bf4 c5 4. e4 Nxe4 5. Nxe4 dxe4 6. dxc5 Qxd1+ 7. Rxd1 Nc6
8. Bb5 f6 9. Bxc6+ bxc6 10. Bc7 Bg4 11. f3 exf3 12. gxf3 Bf5 13. Ne2 e5 14. Bd6
O-O-O 15. c4 Bxd6 16. cxd6 Kd7 17. Nc3 Ke6 18. c5 Rb8 19. b3 Rb4 20. Kf2 g5 21.
h3 h5 22. Rd2 Rh7 23. Kg3 Rhb7 24. Kf2 Kd7 25. Kg3 Rh4 26. Rb2 Rc4 27. Rc1 Rxc5
28. Rd2 Rb4 29. Re2 Rd4 30. Re3 Rxd6 31. Rce1 h4+ 32. Kh2 Rd2+ 33. Kg1 Bd3 0-1

[Event "English Open Championship"]
[Site "Kenilworth"]
[Date "2023.05.26"]
[Round "1.6"]
[White "Willow, Jonah B"]
[Black "Baer, Bruce L"]
[Result "1-0"]
[WhiteElo "2450"]
[BlackElo "1950"]
[PlyCount "37"]
[EventDate "2023.05.26"]
[EventType "swiss"]
[EventRounds "7"]
[EventCountry "ENG"]
[SourceTitle "BritBase"]
[Source "John Saunders"]
[SourceDate "2023.05.30"]
[SourceVersion "1"]
[SourceVersionDate "2023.05.30"]
[SourceQuality "1"]

1. e4 g6 2. d4 Bg7 3. Nc3 c6 4. Be3 d5 5. e5 Nh6 6. Qd2 Nf5 7. Bf4 h5 8. O-O-O
b5 9. Nf3 a5 10. Bd3 e6 11. h3 Nd7 12. g4 Ne7 13. Ne2 Nb6 14. Bg5 b4 15. Bf6
Bxf6 16. exf6 Ng8 17. g5 Bd7 18. Ne5 Nxf6 19. Qf4 1-0

[Event "English Open Championship"]
[Site "Kenilworth"]
[Date "2023.05.26"]
[Round "1.7"]
[White "Bak, Christopher"]
[Black "Gormally, Daniel W"]
[Result "0-1"]
[WhiteElo "2010"]
[BlackElo "2434"]
[PlyCount "94"]
[EventDate "2023.05.26"]
[EventType "swiss"]
[EventRounds "7"]
[EventCountry "ENG"]
[SourceTitle "BritBase"]
[Source "John Saunders"]
[SourceDate "2023.05.30"]
[SourceVersion "1"]
[SourceVersionDate "2023.05.30"]
[SourceQuality "1"]

1. c4 e5 2. Nc3 Nf6 3. Nf3 Nc6 4. e3 Bb4 5. Qc2 Bxc3 6. bxc3 Qe7 7. e4 d6 8.
Rb1 b6 9. Be2 O-O 10. O-O Bg4 11. d3 h6 12. Nh4 Bd7 13. Nf5 Bxf5 14. exf5 Rae8
15. Be3 Qd7 16. g4 d5 17. cxd5 Nxd5 18. Bf3 Na5 19. Rbd1 c6 20. Bc1 Qe7 21.
Rfe1 Qd6 22. Re4 Nf6 23. Re2 Rd8 24. d4 e4 25. Bxe4 Nxg4 26. f3 Nf6 27. Rg2 Kh8
28. Qf2 Rg8 29. Qh4 Nh7 30. Bf4 Qf6 31. Qg3 Rde8 32. Be5 Qg5 33. Qh3 Qe3+ 34.
Kf1 f6 35. Re2 Qxc3 36. Bf4 Nc4 37. Rd3 Qb4 38. Kf2 Rd8 39. Rc2 Ne5 40. Bxe5
fxe5 41. dxe5 Rxd3 42. Bxd3 Qd4+ 43. Ke2 Qxe5+ 44. Be4 Re8 45. Qg3 Qxf5 46. Qd6
Ng5 47. Rxc6 Qxf3+ 0-1

[Event "English Open Championship"]
[Site "Kenilworth"]
[Date "2023.05.26"]
[Round "1.8"]
[White "Wadsworth, Matthew J"]
[Black "Ansari, Athar"]
[Result "1-0"]
[WhiteElo "2428"]
[BlackElo "1886"]
[PlyCount "51"]
[EventDate "2023.05.26"]
[EventType "swiss"]
[EventRounds "7"]
[EventCountry "ENG"]
[SourceTitle "BritBase"]
[Source "John Saunders"]
[SourceDate "2023.05.30"]
[SourceVersion "1"]
[SourceVersionDate "2023.05.30"]
[SourceQuality "1"]

1. c4 Nf6 2. g3 g6 3. Bg2 Bg7 4. Nc3 e5 5. d3 O-O 6. e4 Nc6 7. Nge2 d6 8. O-O
Ne8 9. Rb1 f5 10. exf5 Bxf5 11. h3 Rb8 12. b4 Nd4 13. Nxd4 exd4 14. Ne2 b6 15.
b5 h5 16. Bb2 Qd7 17. Kh2 g5 18. Nxd4 g4 19. h4 Bxd4 20. Bxd4 Ng7 21. Qd2 Ne6
22. Bb2 Qh7 23. Rbe1 Rfe8 24. Bd5 Kf8 25. f3 Bxd3 26. Rf2 1-0

[Event "English Open Championship"]
[Site "Kenilworth"]
[Date "2023.05.26"]
[Round "1.9"]
[White "Mikalajunas, Kajus"]
[Black "Pert, Richard G"]
[Result "0-1"]
[WhiteElo "1828"]
[BlackElo "2412"]
[PlyCount "152"]
[EventDate "2023.05.26"]
[EventType "swiss"]
[EventRounds "7"]
[EventCountry "ENG"]
[SourceTitle "BritBase"]
[Source "John Saunders"]
[SourceDate "2023.05.30"]
[SourceVersion "1"]
[SourceVersionDate "2023.05.30"]
[SourceQuality "1"]

1. e4 c6 2. Nf3 d5 3. Nc3 Bg4 4. Be2 dxe4 5. Nxe4 Nf6 6. Ng3 e6 7. Ne5 Bxe2 8.
Qxe2 Nbd7 9. O-O Nxe5 10. Qxe5 Bd6 11. Qe2 Bxg3 12. fxg3 Qd4+ 13. Qf2 Qxf2+ 14.
Rxf2 O-O 15. d3 a5 16. h3 Nd5 17. Bd2 Rfd8 18. a4 Rd7 19. Ra3 Nb4 20. Bc3 f6
21. Rb3 c5 22. g4 h6 23. Kf1 Rc8 24. Rd2 e5 25. Bxb4 axb4 26. c3 bxc3 27. Rxc3
Rd4 28. b3 Kf7 29. Ke2 Ke6 30. Rc4 b6 31. Rdc2 Ra8 32. Rxd4 exd4 33. Kf3 Kd5
34. Re2 b5 35. axb5 Ra3 36. Rb2 g5 37. g3 Ra5 38. h4 Rxb5 39. h5 Rb8 40. Kf2
Rb7 41. Kf3 Rb6 42. Kf2 Ra6 43. Kf3 Ra1 44. Kf2 Rh1 45. Kf3 Re1 46. Kf2 Re3 47.
Rd2 Kd6 48. Rd1 Kd5 49. Rd2 Kd6 50. Rd1 f5 51. gxf5 g4 52. Kg2 Rf3 53. Re1 Rxf5
54. Re4 Rg5 55. Rf4 Kd5 56. Re4 Rxh5 57. Rxg4 Re5 58. Rf4 h5 59. Kf2 Kc6 60.
Re4 Rf5+ 61. Ke2 Kb5 62. Re8 Kb4 63. Rb8+ Kc3 64. Rb5 Re5+ 65. Kf3 Kxd3 66. Kf4
Rd5 67. Ra5 Kc3 68. Ke4 Rg5 69. Kf4 Rg4+ 70. Kf3 Kb4 71. Ra8 Kxb3 72. Rh8 Rg5
73. Kf4 Rd5 74. Ke4 Rd7 75. Rxh5 c4 76. Rb5+ Kc3 0-1

[Event "English Open Championship"]
[Site "Kenilworth"]
[Date "2023.05.26"]
[Round "1.10"]
[White "Jackson, James P"]
[Black "Alldritt, Nigel RE"]
[Result "1-0"]
[WhiteElo "2393"]
[BlackElo "1954"]
[PlyCount "55"]
[EventDate "2023.05.26"]
[EventType "swiss"]
[EventRounds "7"]
[EventCountry "ENG"]
[SourceTitle "BritBase"]
[Source "John Saunders"]
[SourceDate "2023.05.30"]
[SourceVersion "1"]
[SourceVersionDate "2023.05.30"]
[SourceQuality "1"]

1. e4 e6 2. d4 d5 3. Nc3 Bb4 4. e5 c5 5. a3 Bxc3+ 6. bxc3 Ne7 7. Qg4 O-O 8. Bd3
f5 9. exf6 Rxf6 10. Bg5 Rf7 11. Qh5 g6 12. Qd1 Qa5 13. Bd2 Nd7 14. Nf3 c4 15.
Be2 Nc6 16. O-O Nf6 17. Ng5 Re7 18. f4 Bd7 19. Qc1 h6 20. Nf3 Ne4 21. Be1 Kh7
22. Qe3 Rf8 23. Bxc4 Ref7 24. Bd3 Rxf4 25. c4 Qa4 26. Rb1 b6 27. cxd5 exd5 28.
Bb5 1-0

[Event "English Open Championship"]
[Site "Kenilworth"]
[Date "2023.05.26"]
[Round "1.11"]
[White "Pert, Max P"]
[Black "Eggleston, David J"]
[Result "0-1"]
[WhiteElo "1848"]
[BlackElo "2353"]
[PlyCount "88"]
[EventDate "2023.05.26"]
[EventType "swiss"]
[EventRounds "7"]
[EventCountry "ENG"]
[SourceTitle "BritBase"]
[Source "John Saunders"]
[SourceDate "2023.05.30"]
[SourceVersion "1"]
[SourceVersionDate "2023.05.30"]
[SourceQuality "1"]

1. d4 e6 2. c4 Nf6 3. Nf3 Bb4+ 4. Bd2 Bxd2+ 5. Qxd2 b6 6. Nc3 Bb7 7. g3 O-O 8.
Bg2 d5 9. Ne5 Nbd7 10. O-O Qe7 11. Rfd1 Rad8 12. Qc2 c5 13. e3 cxd4 14. exd4
Nb8 15. Qa4 a6 16. Qb3 dxc4 17. Qxb6 Bxg2 18. Kxg2 Rc8 19. Rac1 Rfd8 20. Na4
Nd5 21. Qa5 Qb7 22. Kg1 Nc6 23. Nxc6 Qxc6 24. Nc5 Qb5 25. Qxb5 axb5 26. a4 Rb8
27. Rd2 bxa4 28. Rxc4 Nb6 29. Rb4 Nd7 30. Rxb8 Nxb8 31. Rc2 Rxd4 32. Nxa4 Nd7
33. Rc8+ Nf8 34. Nc5 g5 35. b4 Kg7 36. b5 Rb4 37. Rb8 Ng6 38. b6 Ne5 39. f4
gxf4 40. b7 Rb1+ 41. Kf2 Rb2+ 42. Kf1 f3 43. Rd8 Ng4 44. Nd3 Rb1+ 0-1

[Event "English Open Championship"]
[Site "Kenilworth"]
[Date "2023.05.26"]
[Round "1.12"]
[White "Derakhshani, Borna"]
[Black "Pal, Rohan"]
[Result "1-0"]
[WhiteElo "2359"]
[BlackElo "1955"]
[PlyCount "67"]
[EventDate "2023.05.26"]
[EventType "swiss"]
[EventRounds "7"]
[EventCountry "ENG"]
[SourceTitle "BritBase"]
[Source "John Saunders"]
[SourceDate "2023.05.30"]
[SourceVersion "1"]
[SourceVersionDate "2023.05.30"]
[SourceQuality "1"]

1. Nf3 d5 2. g3 Bf5 3. Bg2 e6 4. O-O Nf6 5. d3 h6 6. Nfd2 Bh7 7. e4 Be7 8. e5
Nfd7 9. f4 O-O 10. Nf3 c5 11. Nc3 Nc6 12. Kh1 a6 13. Qe1 b5 14. g4 b4 15. Ne2
Qc7 16. Ng3 Nd4 17. Nxd4 cxd4 18. Rf2 a5 19. Re2 Bh4 20. Qg1 Qc5 21. b3 Nb8 22.
a4 Nc6 23. Bb2 Rae8 24. Rf1 f6 25. exf6 Bxf6 26. Nh5 Bd8 27. Rf3 Bc7 28. Qe1
Qd6 29. Bc1 e5 30. fxe5 Nxe5 31. Rxf8+ Rxf8 32. Bf4 Rxf4 33. Nxf4 Nxg4 34.
Bxd5+ 1-0

[Event "English Open Championship"]
[Site "Kenilworth"]
[Date "2023.05.26"]
[Round "1.13"]
[White "Bharat Kumar, Balahari"]
[Black "Wells, Peter K"]
[Result "1/2-1/2"]
[WhiteElo "1898"]
[BlackElo "2356"]
[PlyCount "120"]
[EventDate "2023.05.26"]
[EventType "swiss"]
[EventRounds "7"]
[EventCountry "ENG"]
[SourceTitle "BritBase"]
[Source "John Saunders"]
[SourceDate "2023.05.30"]
[SourceVersion "1"]
[SourceVersionDate "2023.05.30"]
[SourceQuality "1"]

1. d4 Nf6 2. c4 e6 3. Nf3 b6 4. a3 Bb7 5. Nc3 d5 6. Bg5 Be7 7. e3 O-O 8. Bd3
Nbd7 9. O-O c5 10. cxd5 Nxd5 11. Bxe7 Qxe7 12. Nxd5 Bxd5 13. e4 Bb7 14. Qe2
Rfd8 15. Rfd1 cxd4 16. Nxd4 Ne5 17. Bc2 Rac8 18. Rac1 Qg5 19. Nb3 h5 20. g3 Qg4
21. Rxd8+ Rxd8 22. Qe3 Rc8 23. Nd4 h4 24. Qe2 Qxe2 25. Nxe2 Nf3+ 26. Kg2 Rxc2
27. Kxf3 Rxb2 28. Rc7 Bxe4+ 29. Kxe4 Rxe2+ 30. Kf3 Rb2 31. Rxa7 h3 32. Rb7 g6
33. a4 Rb4 34. g4 e5 35. g5 Kg7 36. Kg3 Rxa4 37. Rxb6 Ra3+ 38. Kg4 e4 39. Rf6
Ra5 40. Rf4 Re5 41. Rf6 Kf8 42. Kf4 Ra5 43. Kg4 Ke7 44. Rf4 Re5 45. Kxh3 Rxg5
46. Rxe4+ Kf6 47. Ra4 Rg1 48. Rg4 Rb1 49. Kg2 Kf5 50. Ra4 Kg5 51. Ra5+ f5 52.
Ra4 Kh5 53. Ra5 Rb3 54. Rc5 Kg4 55. Rc4+ f4 56. h3+ Rxh3 57. Rxf4+ Kxf4 58.
Kxh3 Kf3 59. Kh4 Kxf2 60. Kg5 Kg3 1/2-1/2

[Event "English Open Championship"]
[Site "Kenilworth"]
[Date "2023.05.26"]
[Round "1.14"]
[White "Ashton, Adam G"]
[Black "Murawski, Jan"]
[Result "1-0"]
[WhiteElo "2344"]
[BlackElo "1896"]
[PlyCount "31"]
[EventDate "2023.05.26"]
[EventType "swiss"]
[EventRounds "7"]
[EventCountry "ENG"]
[SourceTitle "BritBase"]
[Source "John Saunders"]
[SourceDate "2023.05.30"]
[SourceVersion "1"]
[SourceVersionDate "2023.05.30"]
[SourceQuality "1"]

1. e4 e5 2. Nf3 Nc6 3. Bb5 Nf6 4. d3 Ne7 5. O-O c6 6. Ba4 Ng6 7. d4 Nxe4 8. Qe2
d5 9. c4 Bf5 10. cxd5 Qxd5 11. Bb3 Qd8 12. Bc2 Nd6 13. dxe5 Qe7 14. Re1 Bxc2
15. exd6 Qe6 16. Qxc2 1-0

[Event "English Open Championship"]
[Site "Kenilworth"]
[Date "2023.05.26"]
[Round "1.15"]
[White "Jakhria, Kushal"]
[Black "Khandelwal, Ankush"]
[Result "1-0"]
[WhiteElo "1815"]
[BlackElo "2205"]
[PlyCount "65"]
[EventDate "2023.05.26"]
[EventType "swiss"]
[EventRounds "7"]
[EventCountry "ENG"]
[SourceTitle "BritBase"]
[Source "John Saunders"]
[SourceDate "2023.05.30"]
[SourceVersion "1"]
[SourceVersionDate "2023.05.30"]
[SourceQuality "1"]

1. d4 Nf6 2. c4 g6 3. Nc3 Bg7 4. e4 d6 5. Nf3 O-O 6. Be2 e5 7. Be3 Ng4 8. Bg5
f6 9. Bc1 Nc6 10. O-O f5 11. dxe5 Ngxe5 12. exf5 Bxf5 13. Be3 Ng4 14. Bg5 Qd7
15. h3 Nf6 16. Qd2 Rae8 17. Rad1 Ne4 18. Nxe4 Bxe4 19. Bh6 Rxf3 20. gxf3 Bxh6
21. Qxh6 Bf5 22. Rfe1 Bxh3 23. c5 d5 24. Kh2 Re5 25. f4 Rxe2 26. Rxe2 Bg4 27.
Rxd5 Qc8 28. Re3 Be6 29. Rg5 Bf5 30. Rxf5 gxf5 31. Rg3+ Kf7 32. Rg7+ Ke8 33.
Rg8+ 1-0

[Event "English Open Championship"]
[Site "Kenilworth"]
[Date "2023.05.26"]
[Round "1.16"]
[White "Haydon, David L"]
[Black "Gopakumar, Siddharth"]
[Result "1-0"]
[WhiteElo "2253"]
[BlackElo "1890"]
[PlyCount "65"]
[EventDate "2023.05.26"]
[EventType "swiss"]
[EventRounds "7"]
[EventCountry "ENG"]
[SourceTitle "BritBase"]
[Source "John Saunders"]
[SourceDate "2023.05.30"]
[SourceVersion "1"]
[SourceVersionDate "2023.05.30"]
[SourceQuality "1"]

1. Nf3 d5 2. e3 Nf6 3. c4 c6 4. Nc3 g6 5. b3 Bg7 6. Bb2 Bg4 7. d4 Nbd7 8. Be2
Ne4 9. Nxe4 dxe4 10. Nd2 Bxe2 11. Qxe2 f5 12. O-O-O Qa5 13. Kb1 O-O-O 14. f3
exf3 15. Nxf3 Bf6 16. e4 fxe4 17. Qxe4 Qf5 18. Rhe1 e6 19. g4 Qxe4+ 20. Rxe4
Rhe8 21. Rde1 c5 22. d5 Bxb2 23. Kxb2 e5 24. Ng5 Nf6 25. R4e2 Nxg4 26. Ne6 Rd7
27. Nxc5 Rf7 28. h3 Nf2 29. Rxe5 Rxe5 30. Rxe5 Nxh3 31. d6 Kd8 32. d7 Re7 33.
Rd5 1-0

[Event "English Open Championship"]
[Site "Kenilworth"]
[Date "2023.05.26"]
[Round "1.17"]
[White "Dasgupta, Avyukt"]
[Black "Ismail, Mohammed Aayan"]
[Result "0-1"]
[WhiteElo "1788"]
[BlackElo "2209"]
[PlyCount "100"]
[EventDate "2023.05.26"]
[EventType "swiss"]
[EventRounds "7"]
[EventCountry "ENG"]
[SourceTitle "BritBase"]
[Source "John Saunders"]
[SourceDate "2023.05.30"]
[SourceVersion "1"]
[SourceVersionDate "2023.05.30"]
[SourceQuality "1"]

1. Nf3 d5 2. d4 Nf6 3. Bf4 e6 4. e3 Be7 5. h3 O-O 6. Bd3 b6 7. O-O Bb7 8. c4 c5
9. Nc3 Nc6 10. cxd5 exd5 11. Ne5 Bd6 12. Nxc6 Bxc6 13. Bxd6 Qxd6 14. a4 c4 15.
e4 Nxe4 16. Bxe4 dxe4 17. d5 Bb7 18. Qd4 Qb4 19. Nxe4 Rad8 20. Nc3 Rd7 21. Rfe1
Rfd8 22. Rad1 h6 23. Re5 Qxb2 24. Qe4 Rf8 25. Qxc4 Rc8 26. Qe4 Rdd8 27. Nb5 a6
28. Nd4 Qb4 29. Nf5 Qxe4 30. Rxe4 Kf8 31. Red4 Rc5 32. Ne3 Rd6 33. Kf1 b5 34.
Rb1 Bxd5 35. Kg1 Ke7 36. Nf5+ Ke6 37. Nxd6 Kxd6 38. axb5 axb5 39. Re1 Rc4 40.
Rd2 Kc5 41. Red1 Be6 42. Ra1 b4 43. Rb2 Rc3 44. Kf1 b3 45. Ke1 Kb4 46. Rd1 Rc5
47. Rdd2 Kc3 48. Rb1 Bf5 49. Rc1+ Bc2 50. Ke2 Re5+ 0-1

[Event "English Open Championship"]
[Site "Kenilworth"]
[Date "2023.05.26"]
[Round "1.18"]
[White "Okhai, Shabir"]
[Black "Ireland, David J"]
[Result "1/2-1/2"]
[WhiteElo "2144"]
[BlackElo "1911"]
[PlyCount "97"]
[EventDate "2023.05.26"]
[EventType "swiss"]
[EventRounds "7"]
[EventCountry "ENG"]
[SourceTitle "BritBase"]
[Source "John Saunders"]
[SourceDate "2023.05.30"]
[SourceVersion "1"]
[SourceVersionDate "2023.05.30"]
[SourceQuality "1"]

1. e4 e5 2. Nf3 Nf6 3. Nxe5 Nxe4 4. Qe2 Qe7 5. Qxe4 d6 6. d4 dxe5 7. dxe5 Nc6
8. Nc3 Qxe5 9. Qxe5+ Nxe5 10. Bf4 Bd6 11. Bg3 Bd7 12. Nb5 Bxb5 13. Bxb5+ Kf8
14. O-O-O f6 15. f3 g6 16. Bf2 a6 17. Ba4 Kg7 18. h4 h5 19. Rhe1 Rad8 20. Re4
b5 21. Bb3 Rhe8 22. a3 Nd7 23. Bd5 Rxe4 24. Bxe4 Ne5 25. Kb1 Nc4 26. Ka2 Nxb2
27. Rxd6 Rxd6 28. Kxb2 Rd2 29. Bg3 Rxg2 30. Bxc7 g5 31. hxg5 Rxg5 32. Bb7 h4
33. f4 Rh5 34. Bf3 Rc5 35. Bd6 Rc4 36. Bg4 Rc6 37. Bb4 Rc4 38. Bd2 Kg6 39. Kc1
f5 40. Bh3 a5 41. Bf1 Ra4 42. Kb2 b4 43. axb4 axb4 44. Be1 b3 45. c4 h3 46. Bg3
h2 47. Bxh2 Ra2+ 48. Kxb3 Rxh2 49. c5 1/2-1/2

[Event "English Open Championship"]
[Site "Kenilworth"]
[Date "2023.05.26"]
[Round "1.19"]
[White "Patel, Zain"]
[Black "Yao, Lan"]
[Result "1/2-1/2"]
[WhiteElo "1949"]
[BlackElo "2278"]
[PlyCount "119"]
[EventDate "2023.05.26"]
[EventType "swiss"]
[EventRounds "7"]
[EventCountry "ENG"]
[SourceTitle "BritBase"]
[Source "John Saunders"]
[SourceDate "2023.05.30"]
[SourceVersion "1"]
[SourceVersionDate "2023.05.30"]
[SourceQuality "1"]

1. d4 Nf6 2. Nf3 d5 3. c4 e6 4. Nc3 Bb4 5. Qa4+ Nc6 6. e3 O-O 7. Bd2 Re8 8. Qc2
Bf8 9. a3 h6 10. Bd3 a6 11. O-O dxc4 12. Bxc4 e5 13. Qb3 Qd7 14. Nd5 Ne4 15.
Rad1 Nxd2 16. Rxd2 Na5 17. Qc3 Nxc4 18. Qxc4 b5 19. Qb3 e4 20. Ne5 Qe6 21. f3
Bd6 22. fxe4 Bxe5 23. dxe5 c6 24. Rf6 gxf6 25. Nxf6+ Kh8 26. Qd1 Kg7 27. Rd6
Qxe5 28. Nxe8+ Qxe8 29. Qd4+ Kh7 30. Rd8 Qe6 31. Rh8+ Kg6 32. Rg8+ Kh5 33. Qd1+
Qg4 34. Rxg4 Bxg4 35. Qd6 Be6 36. Qxc6 Rc8 37. Qxa6 Rc1+ 38. Kf2 Rc2+ 39. Kg3
Rxb2 40. Kf4 Kg6 41. Qa8 Kh7 42. Qb8 Rb3 43. Ke5 Rxa3 44. Kf6 Ra6 45. g4 Bc4+
46. Kf5 Rg6 47. h3 Kg7 48. e5 Ra6 49. h4 Rg6 50. g5 hxg5 51. hxg5 Bd3+ 52. Kf4
Bc4 53. Qa7 Re6 54. Qa5 Rg6 55. Qc3 Re6 56. Qd4 Kg8 57. Qb2 Kg7 58. Qb4 Kg8 59.
Qa3 Kg7 60. Qc3 1/2-1/2

[Event "English Open Championship"]
[Site "Kenilworth"]
[Date "2023.05.26"]
[Round "1.20"]
[White "Jones, Steven A"]
[Black "Watson, Jacob"]
[Result "1-0"]
[WhiteElo "2174"]
[BlackElo "1886"]
[PlyCount "79"]
[EventDate "2023.05.26"]
[EventType "swiss"]
[EventRounds "7"]
[EventCountry "ENG"]
[SourceTitle "BritBase"]
[Source "John Saunders"]
[SourceDate "2023.05.30"]
[SourceVersion "1"]
[SourceVersionDate "2023.05.30"]
[SourceQuality "1"]

1. e4 c6 2. d4 d5 3. e5 Bf5 4. Nf3 e6 5. Be2 Ne7 6. O-O Nc8 7. b3 Be7 8. c4 O-O
9. Nc3 Nd7 10. Bd3 Bg4 11. h3 Bh5 12. Re1 f6 13. exf6 Bxf6 14. g4 Bf7 15. Ba3
Re8 16. Qc2 g6 17. Ne5 Nxe5 18. dxe5 Bg5 19. cxd5 cxd5 20. Bb5 Nb6 21. Bxe8
Bxe8 22. Qd3 Bc6 23. Rad1 a5 24. Bc5 Nd7 25. Bd6 Be7 26. Nb5 Bxd6 27. exd6 Qf6
28. Nc7 Rf8 29. Qg3 e5 30. Nxd5 Qxd6 31. Nb6 Qb4 32. Nxd7 Rf3 33. Qxe5 Rxh3 34.
Qe8+ Kg7 35. Re7+ Kh6 36. Qf8+ Kg5 37. Re5+ Kxg4 38. Qxb4+ axb4 39. Rd4+ Kf3
40. Re3# 1-0

[Event "English Open Championship"]
[Site "Kenilworth"]
[Date "2023.05.26"]
[Round "1.21"]
[White "Liu, Jack"]
[Black "Sedykh, Mikhail"]
[Result "1/2-1/2"]
[WhiteElo "1915"]
[BlackElo "2092"]
[PlyCount "132"]
[EventDate "2023.05.26"]
[EventType "swiss"]
[EventRounds "7"]
[EventCountry "ENG"]
[SourceTitle "BritBase"]
[Source "John Saunders"]
[SourceDate "2023.05.30"]
[SourceVersion "1"]
[SourceVersionDate "2023.05.30"]
[SourceQuality "1"]

1. e4 e6 2. d4 d5 3. Nc3 dxe4 4. Nxe4 Nd7 5. Nf3 Ngf6 6. Nxf6+ Nxf6 7. Bd3 c5
8. Be3 Be7 9. O-O Qc7 10. c3 O-O 11. Rc1 b6 12. Qe2 Bb7 13. h3 Rfd8 14. Rfd1
Rac8 15. Ba6 Nd5 16. Bxb7 Qxb7 17. Rd2 h6 18. Rcd1 c4 19. Ne5 b5 20. Qh5 Bd6
21. Qf3 Qc7 22. Ng4 a5 23. g3 b4 24. Rc2 bxc3 25. bxc3 Rb8 26. Bd2 a4 27. Ne3
Nf6 28. Kg2 Be7 29. Ng4 Qb7 30. Bf4 Qxf3+ 31. Kxf3 Rb5 32. Nxf6+ Bxf6 33. Rcc1
g5 34. Be3 Rdb8 35. Rd2 Rb2 36. Rcc2 a3 37. Ke2 Bd8 38. f4 f6 39. fxg5 hxg5 40.
h4 gxh4 41. gxh4 Bc7 42. h5 Kf7 43. h6 f5 44. Rc1 Rxd2+ 45. Bxd2 f4 46. Rg1 Kf6
47. Bc1 Bd6 48. Kf3 Rh8 49. Rh1 Kf5 50. Rh5+ Kg6 51. Rh4 e5 52. dxe5 Bxe5 53.
Bxf4 Bxc3 54. Rg4+ Kf5 55. Rg5+ Ke6 56. Rc5 Rd8 57. Rxc4 Bb2 58. Rc6+ Kf5 59.
Rc5+ Kg6 60. Rc6+ Kf5 61. Rc5+ Kg6 62. Kg4 Rd1 63. Rc6+ Kh7 64. Rd6 Rxd6 65.
Bxd6 Kxh6 66. Bxa3 Bxa3 1/2-1/2